|
|
|
|
| LEADER |
00000nab a2200000 a 4500 |
| 001 |
vtls010701467 |
| 003 |
SK-MaSNL |
| 005 |
20260304191012.0 |
| 008 |
250709s xo |||||||||||||||||slo| |
| 035 |
|
|
|a (urnnbn)urn:nbn:sk:snk:ar-0027p2
|
| 035 |
|
|
|a (uuid)a44b2300-f850-46f1-ac66-48be5405cc2e
|
| 035 |
|
|
|a urn:nbn:sk:snk-ab35f5
|
| 040 |
|
|
|a SNKBUCL
|b slo
|c SNKBUCL
|e AACR2
|
| 041 |
0 |
|
|a eng
|
| 044 |
|
|
|a xo
|c SK
|
| 100 |
1 |
|
|a Tzvetkova, Nikolina P.
|4 aut
|9 1523064
|
| 245 |
1 |
0 |
|a PHOTOSYNTHETIC ACTIVITY AND ULTRASTRUCTURE OF BARK CHLOROPLASTS AT BEECH SEEDLINGS (FAGUS SYLVATICA L.)
|c Nikolina P. Tzvetkova, Snejana Tz. Doncheva
|
| 700 |
1 |
|
|a Doncheva, Snejana Tz.
|4 aut
|9 1523065
|
| 773 |
0 |
|
|t Folia dendrologica
|g Roč. 21-22, č. 1 (1995-1996), s. 353-357
|
| 850 |
|
|
|a Slovenská národná knižnica
|
| 852 |
|
|
|a Slovenská národná knižnica
|
| 958 |
|
|
|a article1
|
| 958 |
|
|
|a OND
|
| 958 |
|
|
|a EUIPO
|
| 999 |
|
|
|c 3052012
|d 3053942
|